The call to write
Salvato in:
| Natura: | Libro |
|---|---|
| Lingua: | inglese |
| Pubblicazione: |
Longman
2001
|
| Tags: |
Aggiungi Tag
Nessun Tag, puoi essere il primo ad aggiungerne!!
|
MARC
| LEADER | 00000nam a22000007a 4500 | ||
|---|---|---|---|
| 008 | 211123b ||||| |||| 00| 0 eng d | ||
| 020 | |a 0536084977 | ||
| 245 | |a The call to write |c /John Trimbur |g xliii, 723p. | ||
| 250 | |b 2nd ed. | ||
| 260 | |b Longman |c 2001 |d Book |h New York |i 663842 |l PE1408.T73 | ||
| 942 | |a lcc |c BK |e A.R. Akinniyi |f 23/11/21 | ||
| 952 | |0 0 |1 0 |2 lcc |4 0 |6 PE1408 T73 |7 0 |9 3906 |a HOL |b HOL |c LP |d 2021-11-23 |l 0 |o PE1408.T73 |p 2021-67631 |r 2021-11-23 00:00:00 |t 663842 |w 2021-11-23 |y BK | ||
| 999 | |c 1949 |d 1949 | ||